Naomi Watts Filmography - Statistics

General Stats
  • This quiz has been taken 67 times
    11 since last reset
  • The average score is 35 of 118
Answer Stats
Type Year Name % Correct
Film 2002 The Ring
100%
Film 2005 King Kong
83%
TV Film 1999 Mullholland Dr.
83%
Video Game 2005 Peter Jackson's King Kong
83%
Film 2012 The Impossible
83%
Film 2005 The Ring Two
83%
Film 2001 Mulholland Drive
67%
Web Series 2025 All's Fair
50%
Film 2014 Birdman or (The Unexpected Virtue of Ignorance)
50%
Film 2024 Emmanuelle
50%
Film 2003 Le Divorce
50%
Film 2016 The Divergent Series: Allegiant
50%
Film 2024 The Friend
50%
Film 2009 The International
50%
Film 2003 21 Grams
33%
Film 2015 3 Generations
33%
Film 2013 Adoration
33%
Film 1998 Babe: Pig in the City
33%
Film 2020 Boss Level
33%
Film 1996 Children of the Corn IV: The Gathering
33%
Film 2016 Chuck
33%
Film 1998 Dangerous Beauty
33%
Film 2015 Demolition
33%
Film 2013 Diana
33%
Film 2001 Down
33%
Film 2011 Dream House
33%
Film 2007 Eastern Promises
33%
Short Film 2001 Ellie Parker
33%
Film 2005 Ellie Parker
33%
Film 2010 Fair Game
33%
TV Show 2024 Feud
33%
Film 1991 Flirting
33%
Film 2007 Funny Games
33%
Film 2022 Goodnight Mommy
33%
Documentary 2017 I Am Heath Ledger
33%
Film 2004 I ♥ Huckabees
33%
Film 2022 Infinite Storm
33%
Film 2006 Inland Empire
33%
Film 2011 J. Edgar
33%
TV Show 2026 Love Story
33%
Film 2019 Luce
33%
Film 1993 Matinee
33%
Film 2009 Mother and Child
33%
Film 2013 Movie 43
33%
Film 2003 Ned Kelly
33%
Film 2018 Ophelia
33%
Film 2020 Penguin Bloom
33%
Film 2002 Plots with a View
33%
Short Film 2002 Rabbits
33%
Film 2016 Shut In
33%
Film 1999 Strange Planet
33%
Film 2014 St. Vincent
33%
Film 2013 Sunlight Jr.
33%
Film 1995 Tank Girl
33%
Film 2004 The Assassination of Richard Nixon
33%
Film 2017 The Book of Henry
33%
Film 2021 The Desperate Hour
33%
Film 2015 The Divergent Series: Insurgent
33%
Film 2017 The Glass Castle
33%
Film TBA The Housewife
33%
TV Film 2002 The Outsider
33%
Film 2006 The Painted Veil
33%
Film 2015 The Sea of Trees
33%
Web Series 2022-Present The Watcher
33%
Film 2019 The Wolf Hour
33%
Film 2021 This Is the Night
33%
TV Show 2017 Twin Peaks
33%
Film 2018 Vice
33%
Film 2004 We Don't Live Here Anymore
33%
Film 2014 While We're Young
33%
Film 1993 Wide Sargasso Sea
33%
Film 2010 You Will Meet a Tall Dark Stranger
33%
TV Special 2024 AFI Life Achievement Award: A Tribute to Nicole Kidman
17%
Short Film 1998 A House Divided
17%
Documentary Series 2011 American Masters
17%
Tv Special 2009 Australia Unites: The Victorian Bushfire Appeal
17%
Web Series 2014 BoJack Horseman
17%
TV Mini-Series 1991 Brides of Christ
17%
Documentary Mini-Series 2021 Clint Eastwood: A Cinematic Legacy
17%
Film 1986 For Love Alone
17%
Film 1993 Gross Misconduct
17%
Web Series 2017 Gypsy
17%
TV Show 1990 Hey Dad..!
17%
TV Show 1991 Home and Away
17%
Documentary 2007 In the Company of Actors
17%
Short Film 2001 Never Date an Actress
17%
TV Special 2003 Nicole Kidman: An American Cinematheque Tribute
17%
Film 1996 Persons Unknown
17%
TV Film 1996 Secrets of the Bermuda Triangle
17%
Documentary Series 2020-2021 Secrets of the Zoo: Down Under
17%
TV Show 2011 Sesame Street
17%
TV Show 1997-1998 Sleepwalkers
17%
Film 2005 Stay
17%
Short Film 1999 Thank You, Judge
17%
TV Film 1998 The Christmas Wish
17%
Film 1993 The Custodian
17%
TV Film 1999 The Hunt for the Unicorn Killer
17%
Web Series 2025 The Kardashians
17%
TV Special 2012 The Kennedy Center Honors: A Celebration of the Performing Arts
17%
Documentary 2013 The Last Impresario
17%
TV Mini-Series 2019 The Loudest Voice
17%
TV Film 2000 The Wyvern Mystery
17%
TV Film 1996 Timepiece
17%
Web Mini-Series 2025 Too Much
17%
TV Show 2005 Total Request Live
17%
TV Special 2005 Tsunami Aid: A Concert of Hope
17%
Film 1997 Under the Lighthouse Dancing
17%
Short Film 2007 Vanity Fair: Killers Kill, Dead Men Die
17%
Music Video 2025 XMAS
17%
Commercial 2009 Angel Perfume
0%
Commercial 1990 Lamb Roast
0%
Commercial 2015 L'Oréal
0%
Commercial 2013 Pantene
0%
Theater 2002 Proof
0%
TV Show 1986 Return to Eden
0%
Commercial 1986 Tampax Tampons
0%
Theater 2009 The 24 Hour Plays 2009
0%
Short Film 2003 The Ring: Don't Watch This
0%
No matching quizzes found
Score Distribution
Percent of People with Each Score
Percentile by Number Answered
Your Score History
You have not taken this quiz since the last reset